Goethe y Schiller, su vida, sus obras y su influencia en Alemania (Record no. 19882)

MARC details
000 -LEADER
campo de control de longitud fija 00870nam a2200229 i 4500
001 - NÚMERO DE CONTROL
campo de control 19882
003 - IDENTIFICADOR DE NÚMERO DE CONTROL
campo de control ES-MaACL
005 - FECHA Y HORA DE LA ÚLTIMA TRANSACCIÓN
campo de control 20251011063051.0
007 - CAMPO FIJO DE DESCRIPCIÓN FÍSICA--INFORMACIÓN GENERAL
campo de control de longitud fija t|
008 - DATOS DE LONGITUD FIJA--INFORMACIÓN GENERAL
campo de control de longitud fija 021023s1863 sp |||| | spa d
100 1# - ENTRADA PRINCIPAL--NOMBRE DE PERSONA
Nombre de persona Angulo y Heredia, Antonio,
Fechas asociadas al nombre 1837-1875
9 (RLIN) 21794
245 10 - MENCIÓN DEL TÍTULO
Título Goethe y Schiller, su vida, sus obras y su influencia en Alemania
Resto del título : lecciones pronunciadas en el Ateneo de Madrid /
Mención de responsabilidad, etc. por Antonio Angulo y Heredia.
260 ## - PUBLICACIÓN, DISTRIBUCIÓN, ETC.
Lugar de publicación, distribución, etc. Madrid :
Nombre del editor, distribuidor, etc. [s.n.],
Fecha de publicación, distribución, etc. 1863 (
Fabricante Imp. de Manuel Galiano)
300 ## - DESCRIPCIÓN FÍSICA
Extensión 47 p. ;
Dimensiones 21 cm.
600 14 - PUNTO DE ACCESO ADICIONAL DE MATERIA--NOMBRE DE PERSONA
Nombre de persona Goethe, Johann Wolfgang von,
Fechas asociadas al nombre 1749-1832
9 (RLIN) 57568
600 14 - PUNTO DE ACCESO ADICIONAL DE MATERIA--NOMBRE DE PERSONA
Nombre de persona Schiller, Friedrich,
Fechas asociadas al nombre 1759-1805
9 (RLIN) 104361
610 27 - PUNTO DE ACCESO ADICIONAL DE MATERIA--NOMBRE DE ENTIDAD CORPORATIVA
Nombre de entidad corporativa o nombre de jurisdicción como elemento de entrada Ateneo de Madrid-
Subdivisión de forma Conferencias-
Subdivisión cronológica S.XIX.
9 (RLIN) 1910
852 4# - LOCALIZACIÓN
Ubicación ES-MaACL
Número de control de estantería T-70-F-1
Nota libre Dedicatoria autógrafa del autor
852 4# - LOCALIZACIÓN
Ubicación ES-MaACL
Número de control de estantería T-85-F-3
942 ## - ELEMENTOS DE ENTRADA SECUNDARIOS (KOHA)
Fuente del sistema de clasificación o colocación Clasificación decimal universal
Holdings
Estatus retirado Estado de pérdida Estado de daño No para préstamo Colección Biblioteca de origen Biblioteca actual Ubicación en estantería Fecha de adquisición Fuente de adquisición Total de préstamos Signatura topográfica completa Código de barras Visto por última vez Precio de reemplazo Tipo de ítem Koha Fuente del sistema de clasificación o colocación Nota pública
        Colección de folletos Biblioteca del Ateneo de Madrid Biblioteca del Ateneo de Madrid Depósito folletos 17/01/2008     T-85-F-3 1020363 23/02/2023 23/02/2023 Folleto    
        Colección de folletos Biblioteca del Ateneo de Madrid Biblioteca del Ateneo de Madrid Depósito folletos 17/01/2008     T-70-F-1 1020362 23/02/2023 23/02/2023 Folleto Clasificación decimal universal Dedicatoria autógrafa del autor